Cephelerden Kurtuluş Savaşı'na (Record no. 9952)

MARC details
000 -BAŞLIK
Sabit Uzunlukta Kontrol Alanı 00850na a2200253 4500
001 - KONTROL NUMARASI
Denetim Alanı 15178
003 - KONTROL NUMARASI IDENTIFIER
Denetim Alanı MIRAKIL
005 - SON İŞLEM TARİHİ VE ZAMANI
Denetim Alanı 20181213155302.0
008 - SABİT-BOY VERİ ELEMANLARI - GENEL BİLGİLER
Sabit Uzunlukta Kontrol Alanı 160905b tu 000 0
020 ## - ULUSLARARASI STANDART KİTAP NUMARASI
Uluslararası Standart Kitap Numarası 9751710448
035 ## - SİSTEM KONTROL NUMARASI
Sistem Kontrol Numarası 15178
040 ## - KATALOGLAMA KAYNAK
Orijinal Kataloglama Ajansı Milas
Kataloglama Dili tur
Metne Dönüştürmek Ajansı TR-AnCHP
082 ## - DEWEY ONLU SINIFLANDIRMA NUMARASI
Sınıflandırma Numarası ATA/B 956.1023
Ürün Numarası C36 [t. y.]
090 ## - SINIFLAMA NUMARASI
Sınıflama Numarası ATA/B 956.1023 C36 [t.y.]
245 ## - BAŞLIK TABLOSU
Başlık Cephelerden Kurtuluş Savaşı'na
Sorumluluk Tablosu, Vb hazırlayan Mehmet Özel
260 ## - YAYIN, DAĞITIM, VB
Yayın, Dağıtım, Vb Yeri [Ankara]
Yayıncı, Dağıtıcı, Vs Adı Ankara Ticaret Odası
Yayın, Dağıtım, Vb Tarihi [t. y.]
300 ## - FİZİKSEL TANIM
Kapsam 2 c.
Boyutlar 27 sm.
500 ## - GENEL NOT
Genel Not c.1: 1. Dünya Savaş'ı ve cepheler -- c.2: Türk Kurtuluş Savaş'ı
600 ## - KONU KATMA GİRİŞ - KURUMSAL ADI
Kişisel Ad Atatürk, Mustafa Kemal
Bir Adıyla İlişkilendirilen Tarihler 1881-1938
Genel Alt Bölümü Kurtuluş Savaşı
Kronolojik Alt Bölümü Resimli yapıtlar
650 ## - KONU KATMA GİRİŞ - TOPİKAL DÖNEM
Topikal Süreli Veya Coğrafi Ad Giriş Elemanı Savaşlar
Genel Alt Bölümü Tarih
Kronolojik Alt Bölümü 20. yüzyıl
Coğrafi Alt Bölümü Türkiye
651 ## - KONU KATMA GİRİŞ - COĞRAFİ ADI
Coğrafi İsim Türkiye
Genel Alt Bölümü Askeri tarih
Kronolojik Alt Bölümü 20. yüzyıl
700 ## - KATMA GİRİŞ - KİŞİSEL İSİM
Kişisel Ad Özel, Mehmet
942 ## - EKLENDİ GİRİŞ ELEMANLARI (KOHA)
Sınıflandırma Veya Raf Düzeni Kaynak
Koha Öğesi Türü Books
999 ## - SİSTEM KONTROL NUMARALARI (KOHA)
Koha Biblionumber 9952
Koha Biblioitemnumber 9952
Holdings
Kalıcı Konum Mevcut Konum Edinme Tarihi Edinim Kaynak Toplam Check-Out'Lar Tam Çağrı Numarası Barkod Tarih Son Görülme İtibaren Geçerli Fiyatlar Koha Öğesi Türü
CHP Kütüphanesi CHP Kütüphanesi 09/05/2016 Bağış   ATA/B 956.1023 C36 [t.y.] 004088 09/05/2016 09/05/2016 Books
CHP Kütüphanesi CHP Kütüphanesi 09/05/2016 Bağış   ATA/B 956.1023 C36 [t.y.] 004089 09/05/2016 09/05/2016 Books